Statystyki dla Kraje Zwrotnika Raka

Kliknij tutaj aby rozwiązać quiz!

Ogólne statystyki

  • Ten quiz został rozwiązany 57 razy
  • Średni wynik to 12 z 17

Statystyki odpowiedzi

Kraj% Poprawnych
Indie
94%
Egipt
90%
Maroko/Sahara Zachodnia
90%
Libia
88%
Arabia Saudyjska
86%
Algieria
84%
Chiny
84%
Meksyk
84%
Mauretania
71%
Oman
65%
Mali
63%
Zjednoczone Emiraty Arabskie
55%
Myanmar
53%
Niger
53%
Bangladesz
51%
Tajwan
41%
Bahamy
39%

Rozkład punktacji

Percentyl według liczby udzielonych odpowiedzi

Procent ludzi z każdym wynikiem

Twoja historia wyników

Nie rozwiązałeś tego quizu